The Legend Of Zelda: Tri Force Heroes Items - Statistics

General Stats
  • This quiz has been taken 3 times
  • The average score is 4 of 11
Answer Stats
Type Item % Correct
Item Bombs
100%
Item Bow
100%
Item Boomerang
67%
Item Fire Gloves
33%
Item Gripshot
33%
Item Gust Jar
33%
Item Magic Hammer
33%
Item Water Rod
33%
Other Camera
0%
Other Hourglass
0%
Other Key
0%
No matching quizzes found
Score Distribution
Percent of People with Each Score
Percentile by Number Answered
Your Score History
You have not taken this quiz